000 00391nam a2200157Ia 4500
008 230524s9999 xx 000 0 und d
082 _a621.381
_bVAS
100 _aR.K.Vasal
245 0 _aIntroduction to Digital Electronics
250 _a1ST
260 _aNEW DELHI
_bSatya Prakashan
_c2001
300 _aXVI;408
500 _aQuantity Number: 2
650 _aElectronics
942 _cBK
999 _c14735
_d14735